LEADER 01128nam--2200373---4500 001 990002930960203316 005 20070523165016.0 010 $a88-420-7698-8 035 $a000293096 035 $aUSA01000293096 035 $a(ALEPH)000293096USA01 035 $a000293096 100 $a20070523d2006----km-y0ENGy0103----ba 101 $aita 102 $aIT 200 1 $aPericle$el'inventore della democrazia$fClaude Mossé$gtraduzione di Barbara Gregori 210 $aRoma$cLaterza$d2006 215 $aVIII, 279 p., [4] c. di tav.$cill.$d21 cm 225 2 $aStoria e società 410 $12001$aStoria e società 454 1$12001$aPériclès. L'inventeur de la démocratie$931603 600 $aPericles 607 0 $aAtene$zSec. 5. a.C. 676 $a938.504092 700 1$aMOSSE,$bClaude$0383968 702 1$aGREGORI,$bBarbara 801 0$aIT$bsalbc$gISBD 912 $a990002930960203316 951 $aIX.3. 504$b195894 L.M.$cIX.3.$d00158001 959 $aBK 969 $aUMA 979 $aVITALE$b90$c20070523$lUSA01$h1650 996 $aPériclès. L'inventeur de la démocratie$931603 997 $aUNISA LEADER 01802nam 2200349Ia 450 001 996394722503316 005 20221108073258.0 035 $a(CKB)3810000000006487 035 $a(EEBO)2240873137 035 $a(OCoLC)18394110 035 $a(EXLCZ)993810000000006487 100 $a19880824d1665 uy | 101 0 $aeng 135 $aurbn||||a|bb| 200 14$aThe English school-master$b[electronic resource] $eteaching all his scholars, of what age soever, the most easie, short, and perfect order of distinct reading and true writing our English-tongue that hath ever yet been known or published by any : and further also, teacheth a direct course, how any unskilfull person may easily both understand any hard English words, which they shall in the Scriptures, sermons, or elsewhere hear or read ... : in the next page the school-master hangeth forth his table to the view of all beholders, serving forth some of the commodities of his profession /$fdevised for thy sake that wantest any part of this skill by Edward Coote .. 205 $aPerused and approved by publick authority, and now the 31[st] time imprinted$bwith certain copies to write by at the end of this book added. 210 $aLondon $cPrinted by William Leybourn for the Company of Stationers$d1665 215 $a[8], 77, [2] p 300 $aReproduction of original in the British Library. 330 $aeebo-0062 606 $aReaders (Primary)$vEarly works to 1800 606 $aEnglish language$yEarly modern, 1500-1700 615 0$aReaders (Primary) 615 0$aEnglish language 700 $aCoote$b Edmund$ffl. 1597.$01012997 801 0$bEAJ 801 1$bEAJ 801 2$bWaOLN 906 $aBOOK 912 $a996394722503316 996 $aThe English school-master$92354066 997 $aUNISA LEADER 01071nam0-22003371i-450 001 990003353410403321 005 20230510110138.0 010 $a2-7143-0256-4 035 $a000335341 035 $aFED01000335341 035 $a(Aleph)000335341FED01 035 $a000335341 100 $a20001010d1988----km-y0itay50------ba 101 0 $afre 102 $aFR 105 $ay-------001yy 200 1 $aVitalité et contradictions de l'avant-garde : Italie-France 1909-1924 / textes réunis par Sandro Briosi et Henk Hillenaar 210 $aParis$cLibrairie Jose Corti$d1988 215 $a300 p.$d22 cm 610 0 $aLetteratura italiana$aMovimenti d'avanguardia$a1909-1924 676 $a850.900912 700 1$aBriosi,$bSandro$f<1941- >$0132854 701 1$aHillenaar,$bHenk$0614964 801 0$aIT$bUNINA$gRICA$2UNIMARC 901 $aBK 912 $a990003353410403321 952 $a840 BRI$bLINGUE 1370$fDECLI 959 $aDECLI 996 $aVitalité et contradictions de l'avant-garde : Italie-France 1909-1924$93011930 997 $aUNINA DB $aING01